| 000 | 00742nam a2200241 u 4500 | ||
|---|---|---|---|
| 005 | 20240228063726.0 | ||
| 008 | 100506s2006 ch r 000 0 spa d | ||
| 020 | _a9561211351 | ||
| 035 | _aUPN01000175664 | ||
| 049 | _aI | ||
| 050 | 4 |
_aPZ78 _bS3.3 2006 |
|
| 100 | 1 |
_aSchkolnik, Saúl, _d1929- _931593 |
|
| 245 | 1 | 5 |
_aUnos robots muy especiales ; El cuerpo humano / _cSaúl Schkolnik. |
| 250 | _a2a ed. | ||
| 260 |
_aSantiago de Chile : _bZig-Zag, _c2006. |
||
| 300 |
_a62 p. : _bil. |
||
| 440 | 0 | _aDescubre tu otro libro | |
| 650 | 4 |
_aLIBROS Y LECTURA PARA LA JUVENTUD _910549 |
|
| 650 | 4 |
_aROBOTS EN LA LITERATURA _913945 |
|
| 650 | 4 |
_aCuerpo humano _vLiteratura infantil _912325 |
|
| 740 | 3 | _aEl cuerpo humano | |
| 905 | _aInfantil | ||
| 999 |
_c147767 _d147767 |
||